Peluang dan kemudahan perniagaan di MITI dan agensi untuk Bumiputera.

Bibliographic Details
Corporate Author: Ministry of International trade & Industry (MITI)
Format: Book
Published: Kuala Lumpur: MATRADE, 2009.
Subjects:
LEADER 00670cam a2200169 7i4500
001 0000023022
005 20090624090000.0
090 0 0 |a CD 338.7025   |b MIN (M) 
110 2 0 |a Ministry of International trade & Industry (MITI) 
245 2 0 |a Peluang dan kemudahan perniagaan di MITI dan agensi untuk Bumiputera. 
260 0 0 |a Kuala Lumpur:   |b MATRADE,   |c 2009. 
300 # # |a Electronic optical computer disc (CD-ROM). 
650 0 0 |a Business --   |x Directories --   |z Malaysia  
650 0 0 |a Business enterprises --   |x Directories --   |z Malaysia  
650 0 0 |a Doing business --   |x Directories --   |z Malaysia  
651 0 0 |a Malaysia  
999 |a CDR000818H  |b CD-ROM  |c AV Collection  |e Business Information Centre